Constitución de los atenienses
Αποθηκεύτηκε σε:
| Κύριος συγγραφέας: | |
|---|---|
| Μορφή: | Βιβλίο |
| Γλώσσα: | Ισπανικά Αρχαία Ελληνικά |
| Έκδοση: |
Madrid
Abada Editores
2005
|
| Σειρά: | Filosofía
|
| Θέματα: | |
| Ετικέτες: |
Προσθήκη ετικέτας
Δεν υπάρχουν, Καταχωρήστε ετικέτα πρώτοι!
|
MARC
| LEADER | 00000cam a2200000 a 4500 | ||
|---|---|---|---|
| 001 | UCF6565 | ||
| 003 | CL-VaPUC | ||
| 008 | 130503e20050000SP |||||||||||||||||spa|d | ||
| 020 | |a 8496258270 | ||
| 041 | 0 | 7 | |a spa |2 CL-VaPUC |
| 041 | 0 | 7 | |a grc |2 CL-VaPUC |
| 082 | 0 | 4 | |a 185 |b ARI |2 21 |
| 100 | |a Aristóteles, |d 384 a.C.- 322 a.C. |e author |9 194 | ||
| 245 | 1 | 0 | |a Constitución de los atenienses |
| 300 | |a 244 p | ||
| 942 | |c BK | ||
| 945 | |d 20130503 00:00:00 |a dcastane | ||
| 260 | |a Madrid |b Abada Editores |c 2005 | ||
| 500 | |a Edición bilingue de Alberto Bernabé Pajares | ||
| 650 | 0 | |a Filosofía antigua |9 255705 | |
| 650 | 0 | |a Aristotelismo |9 347069 | |
| 583 | |a last modification |c 20130503 10:06:00 |k Rodrigo Vera | ||
| 490 | 0 | |a Filosofía | |
| 999 | |c 351718 |d 351716 | ||
| 952 | |0 0 |1 0 |4 0 |6 185_000000000000000_ARI_2005 |7 0 |8 A |9 455998 |a BIBHIS |b BIBHIS |d 2019-11-22 |i 4969820 |l 2 |o 185 ARI 2005 |p 4969820 |r 2025-01-20 |s 2022-11-14 |w 2019-11-22 |y BK |k HIS | ||